नयी समीक्षा नये संदर्भ / (Record no. 214799)

MARC details
000 -LEADER
fixed length control field 00765nam a22001937a 4500
005 - DATE AND TIME OF LATEST TRANSACTION
control field 20260211124406.0
010 ## - LCCN (DPL NO)
LC control number HIN-131071
020 ## - INTERNATIONAL STANDARD BOOK NUMBER
International Standard Book Number 9789392175381
Terms of availability 300.00
035 ## - SYSTEM CONTROL NUMBER
System control number HN-103417
037 ## - SOURCE OF ACQUISITION
Source of stock number/acquisition DBAD
082 ## - DEWEY DECIMAL CLASSIFICATION NUMBER
Classification number 820.08
100 ## - MAIN ENTRY--PERSONAL NAME
Personal name नगेन्द्र
245 ## - TITLE STATEMENT
Title नयी समीक्षा नये संदर्भ /
Statement of responsibility, etc नगेन्द्र
260 ## - PUBLICATION, DISTRIBUTION, ETC. (IMPRINT)
Place of publication, distribution, etc नई दिल्ली
Name of publisher, distributor, etc नेशनल पब्लिशिंग कंपनी
Date of publication, distribution, etc 2024
270 ## - ADDRESS
Address 4226/1, अंसारी रोड, दरियागंज,
City नई दिल्ली
Postal code 110002
300 ## - PHYSICAL DESCRIPTION
Extent 106पृ.
Dimensions 22सेमी (सजिल्द)
942 ## - ADDED ENTRY ELEMENTS (KOHA)
Source of classification or shelving scheme Dewey Decimal Classification
Item type Hindi Books
Classification part 820.08
Call number suffix नगेन्द्र
Holdings
Withdrawn status Lost status Not for loan Collection code Home library Current library Date acquired Source of acquisition Cost, normal purchase price Full call number Barcode Copy number Cost, replacement price Koha item type
      Non-fiction Patel Nagar Patel Nagar 11/02/2026 DBAD 300.00 820.08 नगेन्द्र HN-103417 1 300.00 Hindi Books

© Delhi Public Library
Hit Counter
free hit counter